01165nam a2200205 a 4500020002700000020003000027020001800057082001600075100002300091245002300114250001200137260007100149300001200220520049900232650003000731856007000761942000700831999001500838952010600853 a0697294285 (paperback) a9780697294289 (paperback) a9780697262615 a616.079 COX1 aCox, Frank D.912714aThe aids booklet / a4th ed. a[S.l.] :bMcGraw-Hill Humanities/Social Sciences/Languages,c1999. a96 p. ; aThis booklet provides current facts about AIDS and HIV: what it is, how the virus is transmitted, its prevalence among various population groups, symptoms of HIV infection, strategies for prevention, etc. It also covers the legal, social, medical, and ethical issues related to AIDS and HIV. After publication, additional updates are posted to the website at http://www.mhhe.com/catalogs/sem/hhp/student. It is available for $1.00 when combined with any McGraw-Hill product to create a package. amedical science,aids912840uhttp://www.amazon.com/exec/obidos/ASIN/0697294285/chopaconline-20 cBK c1397d1397 0010708NFICaICbICcGENd2015-07-04e6th editionl0o616.079 COXp002224r2015-07-04 00:00:00yREF